Les restes humains Badegouliens de la grotte du Placard : cannibalisme et guerre il y a 20,000 ans /

This book presents a detailed study of the Badegoulian human remains from le Placard, a major Upper Palaeolithic site in France. Despite the antiquity of the discovery, the remains still constitute a unique assemblage that contributes greatly to our knowledge of the behaviours of hunter-gatherer pop...

وصف كامل

محفوظ في:

المؤلفون الرئيسيون: Boulestin, Bruno (مؤلف), Henry-Gambier, Dominique (مؤلف)

التنسيق: كتاب الكتروني

اللغة: French

منشور في: Summertown, Oxford : Archaeopress Archaeology, 2019.

الموضوعات:

الوصول للمادة أونلاين: Login to view Source

الوسوم: إضافة وسم

لا توجد وسوم, كن أول من يضع وسما على هذه التسجيلة!

رقم الطلب: DC611.C52

LEADER 01986nam a2200397 i 4500
001 EDZ0002134868
003 StDuBDS
005 20230412182637.0
006 m|||||o||d||||||||
007 cr |||||||||||
008 191021s2019 enka fob 000|0|fre|d
020 |a 9781789693706 (ebook) :  |c No price 
040 |a StDuBDS  |b eng  |c StDuBDS  |e rda  |e pn 
050 4 |a DC611.C52 
082 0 4 |a 936.465  |2 23 
100 1 |a Boulestin, Bruno,  |e author. 
245 1 4 |a Les restes humains Badegouliens de la grotte du Placard :  |b cannibalisme et guerre il y a 20,000 ans /  |c Bruno Boulestin et Dominique Henry-Gambier. 
264 1 |a Summertown, Oxford :  |b Archaeopress Archaeology,  |c 2019. 
300 |a 1 online resource (viii, 138 pages) :  |b illustrations (black and white, and colour) 
336 |a text  |2 rdacontent 
337 |a computer  |2 rdamedia 
338 |a online resource  |2 rdacarrier 
500 |a Also issued in print: 2019. 
504 |a Includes bibliographical references. 
520 8 |a This book presents a detailed study of the Badegoulian human remains from le Placard, a major Upper Palaeolithic site in France. Despite the antiquity of the discovery, the remains still constitute a unique assemblage that contributes greatly to our knowledge of the behaviours of hunter-gatherer populations in European prehistory. 
521 |a Specialized. 
588 |a Description based on online resource; title from PDF title page (viewed on November 22, 2019). 
650 0 |a Human remains (Archaeology)  |z France  |z Charente. 
651 0 |a Charente (France)  |x Antiquities. 
650 0 |a Cannibalism  |z France  |z Charente  |x History  |y To 1500. 
700 1 |a Henry-Gambier, Dominique,  |e author. 
776 0 8 |i Print version :  |z 9781789693690 
856 4 0 |3 Archaeopress  |u http://library.arce.org:8087/Archaeopress/Products/9781789693690 
942 |2 lcc  |c EBOOK 
952 |0 0  |1 0  |4 0  |6 DC0611 C52  |7 1  |9 46622  |a ARCH  |b ARCH  |d 2023-04-12  |l 0  |o DC611.C52  |r 2023-04-12 00:00:00  |w 2023-04-12  |y EBOOK 
999 |c 52280  |d 52280